History of the conquest of México and history of the conquest of Peru (Record no. 10518)
[ view plain ]
| 000 -CABECERA | |
|---|---|
| campo de control de longitud fija | 00942nam a2200265 a 4500 |
| 001 - NÚMERO DE CONTROL | |
| campo de control | BRL_1710 |
| 005 - FECHA Y HORA DE LA ÚLTIMA TRANSACCIÓN | |
| campo de control | 20190320211331.0 |
| 008 - DATOS DE LONGITUD FIJA--INFORMACIÓN GENERAL | |
| campo de control de longitud fija | 270514s1936----nyub######---#000-0#eng-# |
| 041 ## - CÓDIGO DE LENGUA | |
| Código de lengua del texto/banda sonora o título independiente | eng |
| 044 ## - CÓDIGO DEL PAÍS DE LA ENTIDAD EDITORA/PRODUCTORA | |
| Código MARC del país | nyu |
| 050 #4 - SIGNATURA TOPOGRÁFICA DE LA BIBLIOTECA DEL CONGRESO | |
| Número de clasificación | F1230 |
| Número de documento/Ítem | .P74 1936 |
| 100 1# - ENTRADA PRINCIPAL--NOMBRE DE PERSONA | |
| Nombre de persona | Prescott, William Hickling |
| Fechas asociadas al nombre | 1796-1859 |
| 9 (RLIN) | 8071 |
| 245 10 - MENCIÓN DE TÍTULO | |
| Título | History of the conquest of México and history of the conquest of Peru |
| Mención de responsabilidad, etc. | by William H. Prescott. |
| 260 ## - PUBLICACIÓN, DISTRIBUCIÓN, ETC. | |
| Lugar de publicación, distribución, etc. | New York |
| Nombre del editor, distribuidor, etc. | The Modern Library |
| Fecha de publicación, distribución, etc. | [1936?] |
| 300 ## - DESCRIPCIÓN FÍSICA | |
| Extensión | xxxvi, 1288 p. |
| Otras características físicas | il., mapas |
| Dimensiones | 21 cm. |
| 440 #0 - MENCIÓN DE SERIE/PUNTO DE ACCESO ADICIONAL--TÍTULO | |
| Título | The Modern library of the world’s best books. [Modern library giants] |
| Designación de volumen o secuencia | G29 |
| 9 (RLIN) | 27699 |
| 500 ## - NOTA GENERAL | |
| Nota general | Au2123 |
| 500 ## - NOTA GENERAL | |
| Nota general | Incluye índice de la conquista de México y Perú. |
| 600 14 - PUNTO DE ACCESO ADICIONAL DE MATERIA--NOMBRE DE PERSONA | |
| Nombre de persona | Cortés, Hernán |
| Fechas asociadas al nombre | 1485-1547 |
| 9 (RLIN) | 439 |
| 650 14 - PUNTO DE ACCESO ADICIONAL DE MATERIA--TÉRMINO DE MATERIA | |
| Término de materia o nombre geográfico como elemento de entrada | Incas |
| 9 (RLIN) | 15792 |
| 651 #4 - PUNTO DE ACCESO ADICIONAL DE MATERIA--NOMBRE GEOGRÁFICO | |
| Nombre geográfico | México |
| Subdivisión general | Historia |
| Subdivisión cronológica | Conquista, 1519-1540 |
| 9 (RLIN) | 442 |
| 651 #4 - PUNTO DE ACCESO ADICIONAL DE MATERIA--NOMBRE GEOGRÁFICO | |
| Nombre geográfico | Perú |
| Subdivisión general | Historia |
| Subdivisión cronológica | Conquista, 1522-1548 |
| 9 (RLIN) | 15793 |
| 902 ## - CATALOGADOR | |
| Iniciales | GRL |
| 942 ## - ELEMENTOS DE PUNTO DE ACCESO ADICIONAL (KOHA) | |
| Fuente del sistema de clasificación o colocación | Library of Congress Classification |
| Tipo de ítem Koha | Libros |
| Estado de retiro | Estado de pérdida | Estado dañado | No para préstamo | Localización permanente | Ubicación/localización actual | Fecha de adquisición | Número de inventario | Total de préstamos | Signatura topográfica completa | Código de barras | Fecha visto por última vez | Precio válido a partir de | Tipo de ítem Koha |
|---|---|---|---|---|---|---|---|---|---|---|---|---|---|
| El ejemplar forma parte de la colección y puede ser consultado según las políticas vigentes. | Biblioteca Centro de Estudios Ruth D. Lechuga | Biblioteca Centro de Estudios Ruth D. Lechuga | 27/05/2014 | Au2123 | F1230 .P74 1936 (Au2123) | GRL01876 | 22/03/2019 | 22/03/2019 | Libros |